TOP 20 najlepszych reprezentacji w piłce nożnej (RANKING FIFA 2025) - Statystyki

Ogólne statystyki
  • Ten quiz został rozwiązany 131 razy
  • Średni wynik to 15 z 20
Statystyki odpowiedzi
Miejsce Reprezentacja Konfederacja % Poprawnych
5. Brazylia CONMEBOL
98%
3. Hiszpania UEFA
98%
1. Argentyna CONMEBOL
97%
2. Francja UEFA
97%
7. Holandia UEFA
93%
4. Anglia UEFA
91%
6. Portugalia UEFA
91%
10. Niemcy UEFA
88%
9. Włochy UEFA
85%
8. Belgia UEFA
80%
11. Urugwaj CONMEBOL
75%
16. USA / Stany Zjednoczone CONCACAF
70%
12. Kolumbia CONMEBOL
69%
19. Meksyk CONCACAF
61%
13. Chorwacja UEFA
59%
15. Japonia AFC
56%
14. Maroko CAF
55%
20. Szwajcaria UEFA
52%
17. Senegal CAF
47%
18. Iran AFC
27%
Nie znaleziono quizów pasujących do podanych kryteriów
Rozkład punktacji
Procent ludzi z każdym wynikiem
Percentyl według liczby udzielonych odpowiedzi
Twoja historia wyników
Nie rozwiązałeś tego quizu